| 000 | 00750nam a22002297a 4500 | ||
|---|---|---|---|
| 999 |
_c7971 _d7971 |
||
| 003 | OSt | ||
| 005 | 20220810121756.0 | ||
| 008 | 220810b ||||| |||| 00| 0 eng d | ||
| 020 | _a9780521864701 | ||
| 040 | _cddc | ||
| 082 | _a621.3 GOB 2006 | ||
| 100 |
_aGubner, John A _916190 |
||
| 245 | _aProbability and random processes for electrical and computer engineers | ||
| 260 |
_aNew York : _bCambridge University Press; _c 2006 |
||
| 300 |
_axii, 628 p. : _b ill. ; _c26 cm. |
||
| 504 | _aIncludes bibliography and index. | ||
| 650 |
_aProbabilities _92821 |
||
| 650 |
_aStochastic processes _915858 |
||
| 650 |
_aElectrical engineering -- Mathematics _916191 |
||
| 650 |
_aComputer engineering -- Mathematics _916192 |
||
| 942 |
_2ddc _cBOOK |
||